000 00669cam a22002411i 4500
001 sa 65002862
003 DLC
005 20260227112119.0
008 801114s1964 pk 000 0 eng
010 _asa 65002862
035 _a(OCoLC)6938688
040 _aDLC
_cIU
_dDLC
042 _apremarc
050 0 0 _aS280.P3
_bA56
110 1 _aPakistan.
_bPlanning Commission.
_bFood and Agriculture Section.
245 1 0 _aHandbook of agricultural statistics.
260 _a[Karachi]
_c1964.
300 _aviii, 203 p.
_c18 cm.
500 _aCover title.
500 _a"AGR-92."
500 _a"Errata": 2 p. inserted.
650 0 _aAgriculture
_zPakistan
_vStatistics.
999 _c62860
_d62860